ბათუმის შოთა რუსთაველის სახელმწიფო უნივერსიტეტის ბიბლიოთეკა

სვანური ენა : (ბიბ.ჩანაწერი № 54862)

000 -ლიდერი
ფიქსირებული სიგრძის საკონტროლო ველი 01392nam a2200265Ia 4500
001 - საკონტროლო ნომერი
საკონტროლო ველი 21931
003 - საკონტროლო ნომრის იდენტიფიკატორი
საკონტროლო ველი GE_BSU
005 - ბოლო ოპერაციის თარიღი და დრო
საკონტროლო ველი 20220822133255.0
008 - ფიქსირებული სიგრძის მონაცემთა ელემენტები - ზოგადი ინფორმაცია
ფიქსირებული სიგრძის საკონტროლო ველი 181216s ||||ge |||||||||||||| ||geo||
020 ## - წიგნის საერთაშორისო სტანდარტული ნომერი
International Standard Book Number 15120236
040 ## - კატალოგიზაციის წყარო
Transcribing agency GE_BSU
041 ## - ენის კოდი
Language code of text/sound track or separate title geo
080 ## - უნივერსალური ათობითი კლასიფიკაციის ინდექსი
Universal Decimal Classification number 811.353.2 ო-47
100 ## - მთავარი ჩანაწერი - პიროვნების სახელი
Personal name ონიანი, ალექსანდრე
9 (RLIN) 14546
245 ## - ცნობა სათაურის შესახებ
Title სვანური ენა :
Remainder of title (ფონოლოგიისა და მორფოლოგიის საკითხები) /
Statement of responsibility, etc ალექსანდრე ონიანი ; ტომის რედ:ზ.სარჯველაძე.
264 ## - წარმოების, გამოცემის, დისტრიბუციის და სხვა ცნობები
გამოცემის, წარმოების, დისტრიბუციის... ადგილი თბილისი :
გამოცემის, წარმოების, დისტრიბუციის... სახელწოდება სულხან-საბა ორბელიანის პედ. უნ-ტის გამ-ბა,
გამოცემის, წარმოების, დისტრიბუციის... თარიღი 1998.
300 ## - ფიზიკური აღწერა
Extent 284 გვ. ;
Dimensions 20 სმ.
490 ## - სერიის ცნობა
Series statement ქართველოლოგიური ბიბლიოთეკა
Volume number/sequential designation 2
653 ## - INDEX TERM--UNCONTROLLED
Uncontrolled term სვანური ენა
653 ## - INDEX TERM--UNCONTROLLED
Uncontrolled term სვანური ენა
653 ## - INDEX TERM--UNCONTROLLED
Uncontrolled term წიგნში დაწვრილებითაა განხილული სვანური ენის ფონემატური და მორფოლოგიური სისტემები.
700 ## - ADDED ENTRY--PERSONAL NAME
Personal name სარჯველაძე, ზ.
Relator term რედაქტორი
9 (RLIN) 7542
942 ## - ADDED ENTRY ELEMENTS (KOHA)
Koha item type წიგნი
Source of classification or shelving scheme
ეგზემპლარები
ჩამოწერის სტატუსი დაკარგული ეგზემპლარის სტატუსი კლასიფიკაციის წყარო ან თაროზე გაწყობის სქემა დაზიანების სტატუსი არ გაიცემა მუდმივი მდებარეობა (დაცვის ადგილი) ამჟამინდელი ადგილსამყოფელი თაროზე განთავსების ადგილი შეძენის თარიღი ღირებულება, შესყიდვის ნორმალური ფასი სრული შენახვის შიფრი შტრიხკოდი ბოლო ოპერაციის თარიღი ეგზემპლარის მიმდევრობითი ნომერი (კეტერი?) ფასის ძალაში შესვლის თარიღი ეგზემპლარის სახეობა საჯარო შენიშვნა
          ბათუმის შოთა რუსთაველის სახელმწიფო უნივერსიტეტის მთავარი ბიბლიოთეკა ბათუმის შოთა რუსთაველის სახელმწიფო უნივერსიტეტის მთავარი ბიბლიოთეკა წიგნსაცავი 2018-12-17 7.00 811.353.2 ო-47 56653 2018-12-17 56653 2018-12-17 წიგნი 7.00 ₾.